Abkürzungen und Akronyme - Statistiken

Allgemein
  • Dieses Quiz wurde 136 mal gespielt
  • Das Durchschnittsergebnis liegt bei 19 aus 29
Antwortstatistiken
Hint Antwort % Korrekt
bzw. beziehungsweise
97%
DB Deutsche Bahn
94%
EU Europäische Union
93%
DFB Deutscher Fußballbund
89%
ggf. gegebenenfalls
87%
BRD Bundesrepublik Deutschland
86%
Kfz Kraftfahrzeug
83%
MfG Mit freundlichen Grüßen
80%
PKW Personenkraftwagen
80%
usw. und so weiter
78%
GmbH Gesellschaft mit beschränkter Haftung
77%
DRK Deutsches Rotes Kreuz
75%
AGB Allgemeine Geschäftsbedingungen
73%
StVO Straßenverkehrsordnung
73%
zzgl. zuzüglich
69%
WG Wohngemeinschaft
68%
ICE Inter City Express
64%
UFO Unbekanntes Flugobjekt
63%
THW Technisches Hilfswerk
60%
ZDF Zweites deutsches Fernsehen
59%
WHO World Health Organisation
52%
DLRG Deutsche Lebensrettungs-Gesellschaft
51%
a.D. außer Dienst
42%
CT Computertomographie
39%
PIN Persönliche Identifikationsnummer
35%
PS Postscriptum
33%
TÜV Technischer Überwachungsverein
33%
EKG Elektrokardiogramm
31%
BAföG Bundesausbildungsförderungsgesetz
17%
Keine übereinstimmenden Quizze gefunden
Verteilung der Resultate
Anzahl Personen mit jedem Resultat
Perzentil nach korrekt beantworteten Fragen
Ihre Resultats-Entwicklung
Sie haben dieses Quiz noch nicht gespielt